Dobrodružsvto pri obžinkoch : veselohra v 3 dejstvách /
Uložené v:
| Hlavný autor: | |
|---|---|
| Médium: | Kniha |
| Jazyk: | Slovak |
| Vydané: |
Martin :
Matica slovenská,
1949
|
| Vydanie: | 2. vyd. |
| ISBN: |
(brož.) |
| Fyzický popis: |
101 s. |
| Tagy: |
Pridať tag
Žiadne tagy, Buďte prvý kto otaguje tento záznam!
|
Titul je dostupný aj v ... 

MARC
| LEADER | 00000nam a2200000 a 4500 | ||
|---|---|---|---|
| 001 | 000217421 | ||
| 005 | 20061012161223.0 | ||
| 008 | 060420s1949 xo e sloo | ||
| 020 | |a (brož.) | ||
| 041 | 0 | |a slo | |
| 044 | |a xo |c SK | ||
| 100 | 1 | |a Palárik, Ján, |d 1822-1870 |4 aut | |
| 245 | 1 | 0 | |a Dobrodružsvto pri obžinkoch : |b veselohra v 3 dejstvách / |c Ján Palárik |
| 250 | |a 2. vyd. | ||
| 260 | |a Martin : |b Matica slovenská, |c 1949 | ||
| 300 | |a 101 s. | ||
| 910 | |a svkkk | ||
| 998 | |a BK | ||
| 090 | |g SCKHL |k Sklad Pribinova prízemie |a I.3513 |j 68998 |i 217421-10 |4 Nevymožiteľné |s Vyradená | ||